[Event "Tournoi francophone 011"]
[Site "Skype"]
[Date "????.??.??"]
[Round "6.13"]
[White "Rodriguez, Nathalie"]
[Black "Sauvaget, Joel"]
[Result "0-1"]
[WhiteElo "1268"]
[BlackElo "1523"]
[PlyCount "120"]

1. d4 d5 2. Bf4 Nf6 3. Nc3 e6 4. Nb5 Bd6 5. Nxd6+ cxd6 6. e3 Nc6 7. c3 O-O 8.
Nf3 h6 9. Bd3 Re8 10. h3 e5 11. Bh2 e4 12. Bc2 exf3 13. Qxf3 Ne7 14. Bg3 Ng6
15. Qe2 a6 16. h4 Bg4 17. f3 Bc8 18. h5 Nf8 19. Bh4 Qe7 20. Bf2 N6h7 21. O-O-O
Ng5 22. Bb3 Be6 23. Bh4 f6 24. g4 Bf7 25. Bf2 b5 26. Bc2 Qb7 27. f4 Ne4 28.
Bxe4 Rxe4 29. Rd3 Rae8 30. Qf3 a5 31. a3 Rc8 32. Be1 b4 33. Bd2 bxa3 34. Kd1
axb2 35. Kc2 a4 36. Rb1 a3 37. c4 Rxc4+ 38. Bc3 Re8 39. g5 fxg5 40. fxg5 hxg5
41. Qg4 Nh7 42. Qh3 Rb8 43. Kd2 Qe7 44. h6 g6 45. Ke2 Be6 46. Qg3 Qf7 47. Qxd6
Rf8 48. Qxa3 Qf2+ 49. Kd1 Qg1+ 50. Kc2 Rf2+ 51. Kb3 Qxb1 52. Rd2 Rxd2 53. Bxd2
Qd1+ 54. Kxb2 Qxd2+ 55. Kb1 Qc2+ 56. Ka1 Qd1+ 57. Ka2 Rc2+ 58. Kb3 Qd3+ 59. Ka4
Bd7+ 60. Ka5 Qb5# 0-1

[Event "Tournoi francophone 011"]
[Site "Skype"]
[Date "????.??.??"]
[Round "6.14"]
[White "Le Bouill, Pierre"]
[Black "Mimouni, Driss"]
[Result "1-0"]
[WhiteElo "1198"]
[BlackElo "1052"]
[PlyCount "138"]

1. d4 d5 2. Nf3 Nc6 3. c3 e6 4. e3 Nf6 5. Nbd2 Bd6 6. c4 dxc4 7. Bxc4 O-O 8.
O-O e5 9. dxe5 Nxe5 10. Nxe5 Bxe5 11. Nf3 Qxd1 12. Rxd1 Bg4 13. Re1 Bxf3 14.
gxf3 c5 15. Rb1 Rad8 16. b3 Bc3 17. Rf1 Rd6 18. Ba3 b6 19. b4 Be5 20. bxc5 bxc5
21. Rfd1 Rxd1+ 22. Rxd1 Nd7 23. Rxd7 h5 24. Rd5 Bf6 25. Bxc5 Rc8 26. Bb3 Kh7
27. Bc2+ Kh6 28. Bf5 Rb8 29. Rd6 Rb2 30. Bxa7 Rxa2 31. Kf1 Ra1+ 32. Ke2 Ra2+
33. Kd1 Rxa7 34. Rc6 Ra1+ 35. Ke2 Ra2+ 36. Kf1 Ra1+ 37. Kg2 h4 38. Rc8 g6 39.
Be4 Ra4 40. Rc6 Bc3 41. Rxc3 Ra5 42. Rc7 Rg5+ 43. Kf1 h3 44. Rxf7 Rg2 45. Rf8
Rxh2 46. Rh8+ Kg7 47. Rh4 g5 48. Rg4 Rh1+ 49. Rg1 Rxg1+ 50. Kxg1 Kh6 51. Kh2
Kh5 52. Kxh3 Kh6 53. Bc2 Kg7 54. Kg4 Kf6 55. Ba4 Kg6 56. Bb5 Kf6 57. Bd3 Ke7
58. Kf5 Kd6 59. Be2 g4 60. e4 Kc5 61. e5 Kd5 62. e6 gxf3 63. Bxf3+ Kd6 64. Kf6
Kc7 65. e7 Kd7 66. Kf7 Kd6 67. e8=Q Kc7 68. Qe5+ Kb6 69. Qe4 Kc5 1-0

[Event "Tournoi francophone 011"]
[Site "Skype"]
[Date "????.??.??"]
[Round "6.15"]
[White "Hargez, Dany"]
[Black "Milanese, Serge"]
[Result "0-1"]
[WhiteElo "1217"]
[BlackElo "1311"]
[PlyCount "59"]

1. e4 e5 2. d4 exd4 3. Qxd4 Nc6 4. Qd1 Nf6 5. Bg5 Be7 6. Nd2 d6 7. Bb5 Bd7 8.
Ngf3 a6 9. Bxc6 Bxc6 10. Qe2 O-O 11. Bxf6 Bxf6 12. O-O-O Re8 13. e5 a5 14. Rhe1
b5 15. Qf1 Bxe5 16. Nxe5 dxe5 17. Nf3 Qf6 18. Nd2 a4 19. Re3 b4 20. Nc4 Bb5 21.
Re4 a3 22. b3 Bc6 23. Re3 e4 24. Kb1 Bb5 25. Kc1 Qa1+ 26. Kd2 Rad8+ 27. Rd3
Qc3+ 28. Kc1 exd3 29. Rxd3 Qa1+ 30. Kd2 0-1

[Event "Tournoi francophone 011"]
[Site "Skype"]
[Date "????.??.??"]
[Round "6.16"]
[White "Gerbaux, Regis"]
[Black "De Fazio, Monica"]
[Result "1-0"]
[WhiteElo "1404"]
[BlackElo "1136"]
[PlyCount "65"]

1. d4 d5 2. Bf4 Bf5 3. e3 e6 4. a3 Bd6 5. Bg3 Nf6 6. Bd3 Bxd3 7. cxd3 Nbd7 8.
Nf3 h6 9. Ne5 Bxe5 10. dxe5 Ng8 11. O-O f6 12. f4 c6 13. b4 a5 14. Nd2 axb4 15.
axb4 Qb6 16. Bf2 O-O-O 17. Ra8+ Kc7 18. Ra4 Ne7 19. e4 Qb5 20. Qb3 c5 21. Rc1
Nc6 22. Bxc5 g5 23. Bd6+ Kc8 24. Ra8+ Ndb8 25. Rxb8+ Kd7 26. Rc5 Qb6 27. Rxd8+
Rxd8 28. Kh1 Qa6 29. Nf3 gxf4 30. exd5 Qa1+ 31. Ng1 fxe5 32. dxc6+ Ke8 33.
Qxe6# 1-0

[Event "Tournoi francophone 011"]
[Site "Skype"]
[Date "????.??.??"]
[Round "6.17"]
[White "Porcabeuf, Jean-Marc"]
[Black "Malbec, Robert"]
[Result "1-0"]
[WhiteElo "1208"]
[BlackElo "1322"]
[PlyCount "87"]

1. e4 e5 2. Nf3 Nc6 3. d4 exd4 4. Nxd4 Nxd4 5. Qxd4 c5 6. Qd1 Qe7 7. Nc3 Nf6 8.
f3 b6 9. Bg5 d6 10. Bxf6 Qxf6 11. Nd5 Qh4+ 12. g3 Qd8 13. Bg2 Bb7 14. Nf4 g6
15. O-O Bg7 16. Qe2 O-O 17. Rad1 Qc7 18. c4 Rfe8 19. Nh3 a5 20. Ng5 h6 21. Nh3
Rad8 22. Nf4 g5 23. Nh5 Ba6 24. Rd2 Bd4+ 25. Kh1 Qc6 26. Bh3 b5 27. cxb5 Bxb5
28. Qd1 Bxf1 29. Bxf1 Rb8 30. b3 Ra8 31. Bh3 Qb6 32. Bf5 Qb4 33. f4 a4 34. Rd3
Red8 35. Rf3 f6 36. Qb1 a3 37. fxg5 fxg5 38. e5 Bxe5 39. Bh7+ Kh8 40. Rf7 Qb7+
41. Rxb7 Rf8 42. Bf5 Rfe8 43. Be6 Rxe6 44. Qh7# 1-0

[Event "Tournoi francophone 011"]
[Site "Skype"]
[Date "????.??.??"]
[Round "6.18"]
[White "Moumtaz, Abderrahim"]
[Black "Vervoort, Jean-Louis"]
[Result "1-0"]
[WhiteElo "1295"]
[BlackElo "1224"]
[PlyCount "33"]

1. d4 d5 2. c4 Nf6 3. cxd5 Nxd5 4. e4 Nf6 5. Nc3 e6 6. Bg5 Bb4 7. e5 h6 8. exf6
hxg5 9. fxg7 Rg8 10. Nf3 Nc6 11. Bb5 Qd7 12. O-O Bxc3 13. bxc3 a6 14. Ne5 Qd5
15. Qa4 Rxg7 16. Nxc6 Qxg2+ 17. Kxg2 1-0

[Event "Tournoi francophone 011"]
[Site "Skype"]
[Date "????.??.??"]
[Round "6.19"]
[White "Ramirez, Luis Antonio"]
[Black "Douichi, Mohammed"]
[Result "0-1"]
[WhiteElo "1139"]
[BlackElo "1263"]
[PlyCount "54"]

1. e4 e5 2. Nc3 Nf6 3. Nf3 Bd6 4. Bc4 O-O 5. d3 c6 6. Be3 Bc7 7. O-O d5 8. exd5
cxd5 9. Bb5 d4 10. Nxd4 exd4 11. Bd2 dxc3 12. Bxc3 Qd6 13. g3 Bg4 14. Qd2 Nbd7
15. Rfe1 Qd5 16. Bc4 Qf3 17. Re3 Qc6 18. Rae1 Bh3 19. f3 Bb6 20. Qf2 Rae8 21.
Bd2 Ne5 22. Kh1 Neg4 23. Qe2 Bxe3 24. Bxe3 Rxe3 25. Qd2 Qxf3+ 26. Kg1 Rxe1+ 27.
Qxe1 Qg2# 0-1

[Event "Tournoi francophone 011"]
[Site "Skype"]
[Date "????.??.??"]
[Round "6.20"]
[White "Morin, Claude"]
[Black "Trolese, Caterina"]
[Result "1/2-1/2"]
[WhiteElo "1001"]
[BlackElo "1000"]
[PlyCount "60"]

1. e4 d6 2. Nc3 Nf6 3. d3 g6 4. h3 Bg7 5. Nf3 O-O 6. Be2 c5 7. Ng5 h6 8. Nf3
Nc6 9. Nd5 Nxd5 10. exd5 Nd4 11. Nxd4 cxd4 12. O-O e5 13. Bf3 b6 14. g3 Bxh3
15. Re1 Bf5 16. b3 Rc8 17. Ba3 h5 18. Kg2 h4 19. Rh1 h3+ 20. Kh2 Qd7 21. g4 Be6
22. dxe6 Qxe6 23. Kxh3 Rfe8 24. Kg2 d5 25. Bb4 e4 26. dxe4 dxe4 27. Be2 d3 28.
Rc1 dxe2 29. Qxe2 a5 30. Bd2 e3 1/2-1/2

[Event "Tournoi francophone 011"]
[Site "Skype"]
[Date "????.??.??"]
[Round "6.21"]
[White "Maccaferri, Massimo"]
[Black "Scata, Laura"]
[Result "1/2-1/2"]
[WhiteElo "1160"]
[BlackElo "1440"]
[PlyCount "110"]

1. e4 c6 2. Bc4 d5 3. exd5 cxd5 4. Bb5+ Bd7 5. Qe2 Bxb5 6. Qxb5+ Qd7 7. a4 Qxb5
8. axb5 a6 9. Nc3 e6 10. d4 Nf6 11. Nf3 Be7 12. Bg5 O-O 13. g4 Re8 14. Rg1 Nbd7
15. h4 axb5 16. Rxa8 Rxa8 17. Ke2 b4 18. Nb5 h6 19. Bd2 Ne4 20. g5 h5 21. g6 f5
22. Bg5 Bd6 23. Nxd6 Nxd6 24. Be7 Nb5 25. Bxb4 Ra4 26. Ba3 Nxa3 27. bxa3 Rxa3
28. Rg5 Nf6 29. Rg3 Kf8 30. Ne5 Rxg3 31. fxg3 Ke7 32. Kd3 Ne4 33. Ke3 Nxg3 34.
Kf3 Ne4 35. Nd3 Kf6 36. Nf4 b6 37. Ke3 Ng3 38. Kd3 e5 39. Nxd5+ Ke6 40. Nxb6
e4+ 41. Ke3 Nf1+ 42. Ke2 Ng3+ 43. Ke3 Nf1+ 44. Kf2 Nd2 45. c4 f4 46. Nd5 Nxc4
47. Nxf4+ Kf5 48. Nxh5 Kxg6 49. Nf4+ Kf5 50. Nh5 Kg4 51. Nxg7 Kxh4 52. Nf5+ Kg4
53. Ne3+ Nxe3 54. Kxe3 Kf5 55. d5 Ke5 1/2-1/2

[Event "Tournoi francophone 011"]
[Site "Skype"]
[Date "????.??.??"]
[Round "6.22"]
[White "Trapletti, Cosetta"]
[Black "Gagnon, Sindy"]
[Result "0-1"]
[WhiteElo "1047"]
[BlackElo "1032"]
[PlyCount "78"]

1. d4 Nf6 2. Bf4 d6 3. c4 e6 4. Nc3 Be7 5. Nf3 O-O 6. e4 c5 7. e5 dxe5 8. Nxe5
cxd4 9. Ne2 Qa5+ 10. Bd2 Qc5 11. Rc1 Qxe5 12. f4 Qc7 13. Nxd4 Bc5 14. Be3 Re8
15. Be2 Ne4 16. O-O e5 17. Nb5 Qe7 18. Qd3 Nf6 19. f5 e4 20. Qc3 Bxe3+ 21. Qxe3
h6 22. h3 a6 23. Nd4 Qc5 24. Rcd1 b5 25. cxb5 axb5 26. Bxb5 Rd8 27. a3 Bb7 28.
b4 Qe5 29. a4 Nd5 30. Qf2 e3 31. Qf3 Nc3 32. Rd3 e2 33. Re3 Qxd4 34. Qf2
exf1=Q+ 35. Kxf1 Nd5 36. Be2 Nxe3+ 37. Kg1 Rxa4 38. g3 Ra1+ 39. Kh2 Rh1# 0-1

[Event "Tournoi francophone 011"]
[Site "Skype"]
[Date "????.??.??"]
[Round "6.23"]
[White "Schnell, Nicolas"]
[Black "Tolaro, Filippa"]
[Result "1-0"]
[WhiteElo "1006"]
[BlackElo "1000"]
[PlyCount "27"]

1. e4 c6 2. Nf3 d5 3. Nc3 dxe4 4. Nxe4 Bf5 5. Bd3 e6 6. Nd4 Qxd4 7. Qf3 Qxb2 8.
Bxb2 Nf6 9. Nxf6+ gxf6 10. Bxf6 Rg8 11. Bxf5 exf5 12. Qe3+ Kd7 13. Qd4+ Kc8 14.
Qd8# 1-0

[Event "Tournoi francophone 011"]
[Site "Skype"]
[Date "????.??.??"]
[Round "6.24"]
[White "Canova, Felix"]
[Black "Hampton, Irene"]
[Result "1-0"]
[WhiteElo "1000"]
[BlackElo "1000"]
[PlyCount "109"]

1. e4 e5 2. Nf3 Nf6 3. d4 d5 4. exd5 Qxd5 5. Be2 Be7 6. Bd2 Bf5 7. Nc3 Qd8 8.
dxe5 Nh5 9. Bb5+ Nc6 10. O-O O-O 11. a4 h6 12. Nh4 Bxh4 13. Qxh5 Qg5 14. Bxg5
hxg5 15. Qe2 g4 16. Nd5 a6 17. Bc4 Nd4 18. Qd2 Ne6 19. Ne3 g6 20. Bxe6 Bxe6 21.
g3 Bg5 22. f4 Be7 23. f5 Rad8 24. Qc3 gxf5 25. Rad1 f4 26. Rxf4 Rxd1+ 27. Nxd1
Bc5+ 28. Qxc5 Rd8 29. Rxg4+ Bxg4 30. Ne3 b6 31. Qxc7 Rd1+ 32. Nxd1 Bxd1 33.
Qc8+ Kg7 34. Qd8 Bxc2 35. Qg5+ Kf8 36. Qh6+ Ke7 37. e6 fxe6 38. Qd2 Bxa4 39. g4
b5 40. Qa5 Kf7 41. Qxa6 Kf6 42. h4 Ke5 43. g5 Kf5 44. Qc8 Bb3 45. Qf8+ Kg4 46.
h5 Kxh5 47. Qg8 e5 48. Qxb3 Kxg5 49. Qxb5 Kf4 50. Qb4+ e4 51. Kf1 Kf3 52. Qb3+
e3 53. Qd1+ Ke4 54. Qe1 Kd3 55. b4 1-0

[Event "Tournoi francophone 011"]
[Site "Skype"]
[Date "????.??.??"]
[Round "7.1"]
[White "Couto, Januario"]
[Black "Siret, Bernard"]
[Result "0-1"]
[WhiteElo "1448"]
[BlackElo "2063"]
[PlyCount "27"]

1. e4 c5 2. c3 d5 3. Bb5+ Bd7 4. Bxd7+ Qxd7 5. exd5 Qxd5 6. Qf3 Nf6 7. Qxd5
Nxd5 8. d3 Nc6 9. Nf3 e6 10. O-O Be7 11. Nbd2 Bf6 12. Ne4 Be7 13. Bg5 f6 14.
Nh4 0-1

[Event "Tournoi francophone 011"]
[Site "Skype"]
[Date "????.??.??"]
[Round "7.2"]
[White "Rapaire, Jean-Michel"]
[Black "Legueltel, Daniel"]
[Result "1-0"]
[WhiteElo "1701"]
[BlackElo "1617"]
[PlyCount "109"]

1. e4 e5 2. Nf3 Nc6 3. Bb5 a6 4. Bxc6 dxc6 5. d4 exd4 6. Qxd4 Qxd4 7. Nxd4 Bc5
8. Be3 Nf6 9. Nd2 O-O 10. O-O-O Rd8 11. c3 Ng4 12. h3 Nxe3 13. fxe3 Re8 14. g4
Be6 15. Nxe6 Rxe6 16. Rde1 Rd8 17. Rhf1 Red6 18. Nb3 Bb6 19. Nd4 Re8 20. Rf4 c5
21. Nf5 Rde6 22. Ng3 c6 23. Kd2 Bc7 24. Rf3 Bxg3 25. Rxg3 Rxe4 26. Rd1 Rd8+ 27.
Ke2 Rxd1 28. Kxd1 f6 29. Kd2 c4 30. Rf3 Kf7 31. Rf4 Rxf4 32. exf4 Ke6 33. Ke3
Kd5 34. h4 b5 35. h5 h6 36. Kf3 c5 37. Ke3 a5 38. a3 b4 39. a4 Kd6 40. Kf3 Ke6
41. Ke4 Kd6 42. Kf5 Kd5 43. g5 fxg5 44. fxg5 hxg5 45. Kxg5 Ke4 46. Kg6 bxc3 47.
bxc3 Kd3 48. Kxg7 Kxc3 49. h6 Kd2 50. h7 c3 51. h8=Q c2 52. Qh6+ Kd1 53. Qd6+
Kc1 54. Qxc5 Kd2 55. Qd5+ 1-0

[Event "Tournoi francophone 011"]
[Site "Skype"]
[Date "????.??.??"]
[Round "7.3"]
[White "Deville, Olivier"]
[Black "Hilton, Stephen"]
[Result "1-0"]
[WhiteElo "2081"]
[BlackElo "1799"]
[PlyCount "36"]

1. d4 d6 2. Nf3 Nf6 3. c4 Nbd7 4. Nc3 e5 5. e4 exd4 6. Nxd4 g6 7. Be2 Bg7 8.
O-O O-O 9. Be3 Re8 10. f3 Nc5 11. Qd2 Ne6 12. Nc2 Bd7 13. Rac1 Bc6 14. Rfd1 Qe7
15. Nd5 Bxd5 16. cxd5 Nf8 17. Bg5 Qe5 18. Nd4 Nxd5 1-0

[Event "Tournoi francophone 011"]
[Site "Skype"]
[Date "????.??.??"]
[Round "7.4"]
[White "Lambert, Pierre"]
[Black "Khabou, Taha"]
[Result "0-1"]
[WhiteElo "1902"]
[BlackElo "1547"]
[PlyCount "59"]

1. e4 e6 2. d4 d5 3. e5 c5 4. Nf3 Nc6 5. c3 Qb6 6. a3 c4 7. Be2 Nh6 8. O-O Bd7
9. Ng5 Be7 10. Qc2 Nf5 11. Bf4 Na5 12. Nd2 h6 13. Nh3 g5 14. Be3 O-O-O 15. b4
cxb3 16. Qd3 Kb8 17. Rfb1 Ba4 18. f4 a6 19. fxg5 Bb5 20. c4 dxc4 21. Qc3 hxg5
22. Bf2 Nxd4 23. Bf1 Rh4 24. Kh1 Rg4 25. Be3 Bc5 26. Nxc4 Nxc4 27. Bxc4 Rxg2
28. Bxb5 Rc2 29. Qd3 Nf3 30. Qxc2 0-1

[Event "Tournoi francophone 011"]
[Site "Skype"]
[Date "????.??.??"]
[Round "7.5"]
[White "Le Brun, Yves"]
[Black "Guillaume, Mickael"]
[Result "0-1"]
[WhiteElo "1719"]
[BlackElo "1592"]
[PlyCount "56"]

1. d4 d5 2. Bf4 Nf6 3. e3 e6 4. Nf3 Nh5 5. Bg5 Be7 6. Bxe7 Qxe7 7. Ne5 Nf6 8.
Nd2 O-O 9. h4 Nbd7 10. g4 Nxe5 11. dxe5 Nd7 12. f4 b6 13. a3 Bb7 14. Bg2 Ba6
15. Rb1 Qc5 16. Rh3 Qb5 17. Bf1 Qa5 18. Kf2 Bxf1 19. Nxf1 f6 20. Kg2 fxe5 21.
fxe5 Nxe5 22. Qd4 Nc4 23. Ng3 Qd2+ 24. Qxd2 Nxd2 25. Re1 Nc4 26. Ne2 Nxb2 27.
Nf4 Rae8 28. e4 Rxf4 0-1

[Event "Tournoi francophone 011"]
[Site "Skype"]
[Date "????.??.??"]
[Round "7.6"]
[White "Trivedi, Viral"]
[Black "Ambrosino, Theo"]
[Result "0-1"]
[WhiteElo "1550"]
[BlackElo "1675"]
[PlyCount "46"]

1. d4 Nf6 2. Nf3 e6 3. Bf4 d5 4. e3 c5 5. c3 Nc6 6. Bd3 Bd6 7. Bg3 a6 8. Nbd2
b5 9. Rc1 b4 10. dxc5 Bxc5 11. cxb4 Nxb4 12. Rxc5 Nxd3+ 13. Ke2 Nxc5 14. Qc2
Ncd7 15. Ne5 O-O 16. Ndf3 Qb6 17. Ng5 Ra7 18. Ngxf7 Rxf7 19. Nxf7 Kxf7 20. Qxc8
Qxb2+ 21. Kf3 Ne5+ 22. Bxe5 Qxe5 23. Rc1 Qh5+ 0-1

[Event "Tournoi francophone 011"]
[Site "Skype"]
[Date "????.??.??"]
[Round "7.7"]
[White "Gharbi, Said"]
[Black "Marino, Giuseppe"]
[Result "1/2-1/2"]
[WhiteElo "1598"]
[BlackElo "1466"]
[PlyCount "70"]

1. e4 b6 2. d4 Bb7 3. Nc3 g6 4. Nf3 Bg7 5. Bc4 e6 6. O-O h6 7. Re1 d6 8. Bf4
Nd7 9. d5 e5 10. Bg3 Ne7 11. Bh4 O-O 12. Nb5 Re8 13. a4 a6 14. Nc3 Kh7 15. h3
Qc8 16. b4 a5 17. b5 Qd8 18. Bg3 Rf8 19. Qc1 f5 20. exf5 Nxf5 21. Bh2 Nh4 22.
Nxh4 Qxh4 23. Re4 Qxf2+ 24. Kh1 Qf6 25. Bg3 Nc5 26. Rg4 Bc8 27. Rh4 Rf7 28. Qd2
Bd7 29. Rf1 Qe7 30. Rxf7 Qxf7 31. Bd3 Nxd3 32. Qxd3 Rf8 33. Kg1 Qf6 34. Rc4 Bf5
35. Qd2 Rf7 1/2-1/2

[Event "Tournoi francophone 011"]
[Site "Skype"]
[Date "????.??.??"]
[Round "7.9"]
[White "Bourdeau, Yvan"]
[Black "Le Bouill, Pierre"]
[Result "1-0"]
[WhiteElo "1662"]
[BlackElo "1198"]
[PlyCount "45"]

1. d4 Nf6 2. Nf3 h6 3. Bf4 d5 4. e3 a6 5. h3 e6 6. c3 Bd6 7. Ne5 Bxe5 8. dxe5
Ne4 9. Nd2 Nc6 10. Bd3 f6 11. Nxe4 dxe4 12. Qh5+ Kf8 13. Bxe4 Nxe5 14. Bxe5
fxe5 15. Qxe5 c6 16. Rd1 Qe7 17. O-O Bd7 18. Rd2 Be8 19. Rfd1 Bf7 20. Rd7 Qf6
21. Qd6+ Ke8 22. Rxb7 Rc8 23. Qd7+ 1-0

[Event "Tournoi francophone 011"]
[Site "Skype"]
[Date "????.??.??"]
[Round "7.10"]
[White "Sauvaget, Joel"]
[Black "Amato, Ludovica"]
[Result "0-1"]
[WhiteElo "1523"]
[BlackElo "1368"]
[PlyCount "32"]

1. d4 d5 2. Nf3 Nf6 3. e3 Bf5 4. Nc3 h6 5. h3 e6 6. a3 c5 7. dxc5 Bxc5 8. Bd3
Bxd3 9. Qxd3 a6 10. O-O O-O 11. b4 Be7 12. Bb2 Nc6 13. Ne2 Rc8 14. Ng3 Qc7 15.
Rac1 e5 16. Qxd5 Nxd5 0-1

[Event "Tournoi francophone 011"]
[Site "Skype"]
[Date "????.??.??"]
[Round "7.11"]
[White "De Coninck, Philippe"]
[Black "Tamditi, Ibrahim"]
[Result "0-1"]
[WhiteElo "1352"]
[BlackElo "1456"]
[PlyCount "76"]

1. e4 g6 2. Nf3 Bg7 3. Bc4 b6 4. c3 Bb7 5. d3 a6 6. O-O b5 7. Bb3 Nc6 8. Ng5 e6
9. f4 Qe7 10. f5 O-O-O 11. fxe6 fxe6 12. Nf7 Rf8 13. Nxh8 Rxf1+ 14. Qxf1 Bxh8
15. Bf4 b4 16. Qf2 bxc3 17. Nxc3 Bd4 18. Be3 Bxc3 19. bxc3 Nf6 20. Bg5 Nxe4 21.
Bxe7 Nxf2 22. Kxf2 Nxe7 23. Rf1 Nf5 24. Ke2 Bxg2 25. Rf2 Bc6 26. Rf4 Bb5 27. c4
Bc6 28. d4 g5 29. Rf2 Nxd4+ 30. Kd3 Nf5 31. a4 Kd8 32. Ra2 g4 33. a5 h5 34. Bd1
Nh4 35. Ke3 Nf5+ 36. Kf4 Ke7 37. c5 Kf6 38. Be2 e5# 0-1

[Event "Tournoi francophone 011"]
[Site "Skype"]
[Date "????.??.??"]
[Round "7.12"]
[White "Milanese, Serge"]
[Black "L'Herbon De Lussats, Jean"]
[Result "1-0"]
[WhiteElo "1311"]
[BlackElo "1501"]
[PlyCount "59"]

1. d4 Nf6 2. Bf4 e6 3. e3 c5 4. c3 Nc6 5. Nf3 d5 6. Bd3 c4 7. Bc2 Bd6 8. Ne5
O-O 9. Nd2 Qc7 10. Ndf3 Nd7 11. Bxh7+ Kxh7 12. Ng5+ Kg8 13. Qh5 Nf6 14. Qh3
Nxe5 15. Bxe5 Bxe5 16. dxe5 Qxe5 17. Nf3 Qd6 18. Nd4 e5 19. Nf5 Qe6 20. g4 d4
21. Rd1 d3 22. Rg1 e4 23. Qg3 b5 24. h4 Rd8 25. h5 Kf8 26. h6 gxh6 27. Qh4 Bd7
28. Qxh6+ Ke8 29. Qh8+ Ng8 30. Qxg8# 1-0

[Event "Tournoi francophone 011"]
[Site "Skype"]
[Date "????.??.??"]
[Round "7.13"]
[White "Moumtaz, Abderrahim"]
[Black "Gerbaux, Regis"]
[Result "1-0"]
[WhiteElo "1295"]
[BlackElo "1404"]
[PlyCount "63"]

1. d4 d5 2. c4 c6 3. Nc3 Bf5 4. Qb3 Qb6 5. Qxb6 axb6 6. Nf3 e6 7. Bf4 Nd7 8. e3
Ngf6 9. cxd5 cxd5 10. Nb5 Bb4+ 11. Nc3 Ne4 12. Nd2 O-O 13. a3 Rfe8 14. Ncxe4
Bxe4 15. Rc1 Rac8 16. Rxc8 Bxd2+ 17. Kxd2 Rxc8 18. Bd3 Bxg2 19. Rg1 Bf3 20. Rg3
Be4 21. Bxe4 dxe4 22. f3 Nf6 23. Be5 Nh5 24. Rh3 g6 25. fxe4 f6 26. Bd6 e5 27.
d5 b5 28. Be7 Rc7 29. d6 Rd7 30. Rf3 Kf7 31. Kc3 Ng7 32. Rxf6+ 1-0

[Event "Tournoi francophone 011"]
[Site "Skype"]
[Date "????.??.??"]
[Round "7.14"]
[White "Briere, Jean"]
[Black "Porcabeuf, Jean-Marc"]
[Result "1-0"]
[WhiteElo "1387"]
[BlackElo "1208"]
[PlyCount "91"]

1. e4 e5 2. Nf3 Nc6 3. Bc4 d6 4. Nc3 Nf6 5. d4 exd4 6. Nxd4 Ne5 7. Bb3 Bg4 8.
f3 Bh5 9. O-O Be7 10. Bf4 O-O 11. Bxe5 dxe5 12. Nf5 Qxd1 13. Nxe7+ Kh8 14.
Raxd1 Rae8 15. Nf5 Bg6 16. Ne3 c6 17. Nc4 Nh5 18. Nd6 Re7 19. Ne2 Nf4 20. Nxf4
exf4 21. Rd4 h6 22. Rfd1 f5 23. exf5 Rxf5 24. Nxf5 Bxf5 25. Rxf4 Bg6 26. Rf8+
Kh7 27. Bg8+ Kh8 28. Bf7+ Kh7 29. Bxg6+ Kxg6 30. Rd6+ Kh7 31. Kf2 c5 32. f4 Re4
33. c3 c4 34. Rd7 Kg6 35. Rff7 Kh5 36. Rxg7 Rxf4+ 37. Kg3 Rf5 38. Rd4 Rg5+ 39.
Rxg5+ Kxg5 40. Rxc4 Kh5 41. Rc7 b5 42. Rxa7 b4 43. c4 b3 44. axb3 Kg5 45. Rd7
Kh5 46. c5 1-0

[Event "Tournoi francophone 011"]
[Site "Skype"]
[Date "????.??.??"]
[Round "7.15"]
[White "Douichi, Mohammed"]
[Black "Duthoit, Bernard"]
[Result "1-0"]
[WhiteElo "1263"]
[BlackElo "1378"]
[PlyCount "83"]

1. e4 e6 2. Nc3 c5 3. d4 Nc6 4. d5 exd5 5. Nxd5 Nf6 6. Qd3 d6 7. Nf3 Be6 8.
Nxf6+ Qxf6 9. Bg5 Qxb2 10. Qd1 Qb4+ 11. Nd2 Nd4 12. Bd3 c4 13. a3 Qa5 14. Be2
Qxg5 15. O-O Bh3 16. Bf3 c3 17. Nc4 b5 18. Qxd4 bxc4 19. Qxc4 Be6 20. Qc6+ Bd7
21. Qxa8+ Qd8 22. Qxa7 Be7 23. Qd4 Bf6 24. e5 Bxe5 25. Qe3 O-O 26. Rad1 Re8 27.
Qd3 Qa5 28. Be4 g6 29. Bd5 Bb5 30. Bc4 Bxc4 31. Qxc4 Qxa3 32. Qb5 Qa8 33. Ra1
Qe4 34. Qxe8+ Kg7 35. Ra7 Qf4 36. g3 Qf3 37. Rd7 h5 38. h4 Bxg3 39. Qxf7+ Qxf7
40. Rxf7+ Kxf7 41. fxg3+ Ke6 42. Rf3 1-0

[Event "Tournoi francophone 011"]
[Site "Skype"]
[Date "????.??.??"]
[Round "7.16"]
[White "Bustos, Ricardo"]
[Black "Vincent, Andre"]
[Result "0-1"]
[WhiteElo "1243"]
[BlackElo "1358"]
[PlyCount "40"]

1. d4 Nf6 2. c3 d5 3. Bg5 Nbd7 4. Nd2 e6 5. f3 Be7 6. Qc2 c5 7. e4 cxd4 8. cxd4
h6 9. Be3 Bb4 10. a3 Ba5 11. b4 Qc7 12. Qb2 Bb6 13. Rc1 Qd8 14. e5 Nh7 15. Bd3
f5 16. Ne2 g5 17. O-O Nxe5 18. Bb5+ Bd7 19. Bxd7+ Qxd7 20. Bf2 Nd3 0-1

[Event "Tournoi francophone 011"]
[Site "Skype"]
[Date "????.??.??"]
[Round "7.17"]
[White "Trolese, Caterina"]
[Black "Hargez, Dany"]
[Result "0-1"]
[WhiteElo "1000"]
[BlackElo "1217"]
[PlyCount "30"]

1. e4 e5 2. Nf3 Nc6 3. Bc4 Nf6 4. d3 d5 5. exd5 Nxd5 6. Nxe5 Nxe5 7. d4 Nxc4 8.
b3 Bb4+ 9. Nd2 Qe7+ 10. Qe2 Nce3 11. a3 Bc3 12. Rb1 O-O 13. Bb2 Bxb2 14. Rxb2
Qxa3 15. Rb1 Nxg2+ 0-1

[Event "Tournoi francophone 011"]
[Site "Skype"]
[Date "????.??.??"]
[Round "7.18"]
[White "Malbec, Robert"]
[Black "Rodriguez, Nathalie"]
[Result "0-1"]
[WhiteElo "1322"]
[BlackElo "1268"]
[PlyCount "44"]

1. e4 e5 2. Nf3 Nc6 3. Bc4 Nd4 4. Nxe5 Qg5 5. Bxf7+ Ke7 6. O-O Qxe5 7. d3 Kxf7
8. f4 Qc5 9. Na3 Nxc2+ 10. Kh1 Nxa1 11. f5 d5 12. Qh5+ g6 13. fxg6+ Ke7 14.
Qe5+ Be6 15. Rf7+ Kd8 16. Bg5+ Be7 17. Bxe7+ Nxe7 18. h3 Bxf7 19. gxf7 Rf8 20.
Qg7 Qc1+ 21. Kh2 Qf4+ 22. g3 Qxf7 0-1

[Event "Tournoi francophone 011"]
[Site "Skype"]
[Date "????.??.??"]
[Round "7.19"]
[White "Mimouni, Driss"]
[Black "Ramirez, Luis Antonio"]
[Result "1/2-1/2"]
[WhiteElo "1052"]
[BlackElo "1139"]
[PlyCount "130"]

1. e4 c5 2. d3 d6 3. Nc3 Nf6 4. Bg5 h6 5. Bf4 e5 6. Bg3 Be7 7. Nf3 O-O 8. Nd5
Nxd5 9. exd5 Nd7 10. Be2 Nf6 11. O-O Bg4 12. c3 Nxd5 13. Qb3 Be6 14. Qxb7 Rb8
15. Qxa7 Rxb2 16. Qa3 Rxe2 17. d4 Bg5 18. dxe5 Ne3 19. fxe3 Bxe3+ 20. Bf2 dxe5
21. c4 Bxf2+ 22. Rxf2 Bxc4 23. Rxe2 Bxe2 24. Qe3 Bc4 25. Nxe5 Qd4 26. Qxd4 cxd4
27. Nxc4 Re8 28. a4 Rb8 29. a5 d3 30. a6 Rd8 31. Rd1 Ra8 32. Nb6 Rxa6 33. Nc4
Rc6 34. Ne5 Re6 35. Nxd3 f6 36. Nc5 Re5 37. Rd8+ Kh7 38. Nd3 Re2 39. Kf1 Rd2
40. Ke1 Rxg2 41. h4 g5 42. Rd7+ Kg6 43. Rd6 gxh4 44. Ne5+ Kf5 45. Nd7 h3 46.
Rxf6+ Kg5 47. Kf1 Rg3 48. Rf2 Kg4 49. Nf6+ Kg5 50. Ne4+ Kg4 51. Nf6+ Kg5 52.
Nh7+ Kg6 53. Nf6 Rg5 54. Ne4 Rf5 55. Kg1 Rg5+ 56. Kh2 Rf5 57. Kxh3 Rxf2 58.
Nxf2 Kg5 59. Ng4 h5 60. Ne5 Kf4 61. Ng6+ Kg5 62. Nh4 Kh6 63. Nf5+ Kg5 64. Ng3
h4 65. Ne4+ Kf5 1/2-1/2

[Event "Tournoi francophone 011"]
[Site "Skype"]
[Date "????.??.??"]
[Round "7.20"]
[White "Vervoort, Jean-Louis"]
[Black "Morin, Claude"]
[Result "1/2-1/2"]
[WhiteElo "1224"]
[BlackElo "1001"]
[PlyCount "59"]

1. d4 d5 2. Bf4 e6 3. e3 Nf6 4. Nf3 Nbd7 5. Bd3 Be7 6. O-O c6 7. c3 a6 8. Nbd2
Qb6 9. Qb3 Qd8 10. Rfe1 O-O 11. Re2 Nh5 12. Rae1 Nxf4 13. exf4 Nf6 14. Qc2 g6
15. Ng5 Qd6 16. g3 Re8 17. Ndf3 b5 18. a3 Bd7 19. Re3 Rab8 20. Qe2 c5 21. Nh4
cxd4 22. cxd4 Ne4 23. Bxe4 dxe4 24. Rxe4 Bxg5 25. fxg5 Rbc8 26. Qd3 Qd5 27. Re5
Qd6 28. R5e3 Rc4 29. Re4 Rcc8 30. Re5 1/2-1/2